| 000 | 00610nam a2200229Ia 4500 | ||
|---|---|---|---|
| 003 | 0100 | ||
| 008 | 130303s9999 xx 000 0 und d | ||
| 020 | _a138180962 | ||
| 040 | _cARRUPELIB | ||
| 050 | _aH62.F721970 | ||
| 100 | _aFreeman, Howard E | ||
| 245 | _aSocial research and social policy | ||
| 260 | _aEnglewood Cliffs | ||
| 260 | _bPrentice-Hall | ||
| 260 | _C1970 | ||
| 300 | _ax | ||
| 300 | _b 159 p. ill. 23 cm | ||
| 440 | _aPrentice-Hall series in social policy | ||
| 650 | _bTragedies | ||
| 700 | _aHoward E. Freeman and Clarence C. Sherwood , Sherwood, Clarence C | ||
| 942 | 0 | 0 | _04 |
| 999 |
_c16149 _d16149 |
||